000 01006 a2200241 4500
003 Nust
005 20221019090814.0
010 _a 2003000644
020 _a020163466X
040 _cNust
082 0 0 _a005.8,CHE
100 1 _aCheswick, William R.
_95352
245 1 0 _aFirewalls and Internet security :
_brepelling the wily hacker /
_cWilliam R. Cheswick, Steven M. Bellovin and Aviel D. Rubin.
250 _a2nd ed.
260 _aBoston :
_bAddison-Wesley,
_cc2003.
300 _axx, 433 p. :
_bill. ;
_c24 cm.
440 0 _aAddison-Wesley professional computing series
_995725
505 _aPart-I. Getting Started (Page-1), Part-II. The Threats (Page-93), Part-III. Safer Tools and Services (Page-135), Part-IV. Firewalls and VPNS (Page-173), Part-V. Protecting an Organization (Page-245), Part-VI. Lessons Learned. (Page-285).
650 0 _aFirewalls (Computer security)
_969274
700 1 _aBellovin, Steven M.
_9100722
700 1 _aRubin, Aviel D.
_9100723
942 _2ddc
_cBK
_k005.8,CHE
999 _c218173
_d218173